Gemeinden Landkreis Neumarkt in der Oberpfalz - Statistiken

Allgemein
  • Dieses Quiz wurde 90 mal gespielt
  • Das Durchschnittsergebnis liegt bei 11 aus 19
Antwortstatistiken
Einwohner Gemeindeart Gemeinde % Korrekt
40.277 Große Kreisstadt Neumarkt in der Oberpfalz
95%
7.292 Stadt Parsberg
80%
8.745 Stadt Berching
70%
7.867 Markt Postbauer-Heng
70%
7.900 Gemeinde Berg bei Neumarkt in der Oberpfalz
66%
9.114 Stadt Freystadt
64%
6.167 Stadt Dietfurt an der Altmühl
59%
2.594 Gemeinde Berngau
57%
4.879 Gemeinde Deining
55%
5.037 Gemeinde Mühlhausen
55%
3.735 Gemeinde Sengenthal
55%
5.161 Gemeinde Seubersdorf in der Oberpfalz
52%
3.704 Markt Lauterhofen
50%
5.352 Stadt Velburg
48%
2.854 Gemeinde Pilsach
46%
5.810 Markt Pyrbaum
41%
2.197 Markt Hohenfels
38%
2.401 Markt Lupburg
36%
3.487 Markt Breitenbrunn
34%
Keine übereinstimmenden Quizze gefunden
Verteilung der Resultate
Anzahl Personen mit jedem Resultat
Perzentil nach korrekt beantworteten Fragen
Ihre Resultats-Entwicklung
Sie haben dieses Quiz noch nicht gespielt